| 000 | 00544nam a2200217Ia 4500 | ||
|---|---|---|---|
| 003 | OSt | ||
| 005 | 20220924120404.0 | ||
| 006 | a|||||r|||| 00| 0 | ||
| 007 | ta | ||
| 008 | 220923b |||||||| |||| 00| 0 san d | ||
| 024 | _a241486 | ||
| 037 | _cTextual | ||
| 040 |
_aARTS _cARTS _bsan |
||
| 041 |
_2san _asan |
||
| 082 | _aQ22:227, L8.1 | ||
| 245 | 0 | _aGaruda Purana | |
| 260 |
_aDelhi _bMotilal Banarsi Dass Publishers _c1978 |
||
| 650 | _aRELIGION | ||
| 942 |
_hQ22:227, L8.1 _cTEXL _2CC |
||
| 999 |
_c402581 _d402581 |
||